| Поле | Инд. | ПП | Название | Значение |
|---|---|---|---|---|
| Тип записи | a | |||
| Библиографический уровень | m | |||
| 001 | Контрольный номер | e13e68b4-ff6e-11da-b02a-008048b56a28 | ||
| 005 | Дата корректировки | 20140703155641.5 | ||
| 008 | Кодируемые данные | 060619 | ||
| 020 | a | ISBN | 5-8297-0189-8 | |
| c | Цена, тираж | 104.17 | ||
| 040 | a | Служба первич. каталог. | НБ ТвГУ | |
| 041 | a | Код языка текста | rus | |
| 080 | a | Индекс УДК | 159.9:316.356.2(075.8) | |
| 084 | a | Индекс другой классификации/Индекс ББК | Ю956я73-1 | |
| 090 | x | Авторский знак | К21 | |
| a | Полочн. индекс | Ю956 | ||
| 100 | 1_ | a | Автор | Карабанова Ольга Александровна |
| 245 | 10 | a | Заглавие | Психология семейных отношений и основы семейного консультирования |
| b | Продолж. заглавия | учеб. пособие для студентов вузов, обучающихся по направлению и специальностям психологии | ||
| c | Ответственность | О. А. Карабанова | ||
| 260 | 0_ | a | Место издания | Москва |
| b | Издательство | Гардарики | ||
| c | Дата издания | 2006 | ||
| 300 | a | Объем | 319 с. | |
| 440 | a | Серия | Psychologia universalis | |
| 504 | a | Библиография | Библиогр.: с. 310-317. | |
| 583 | a | Действие | Получение впервые 233 16.06.2006 | |
| k | Исполнитель действия | ООО "Юристъ- Гардарика" | ||
| 583 | a | Действие | Приписка 411 27.10.2006 | |
| k | Исполнитель действия | ООО "Юристъ- Гардарика" | ||
| 650 | a | Основная рубрика | Семья | |
| x | Основная подрубрика | Психология | ||
| x | Основная подрубрика | Учебники для вузов | ||
| 653 | a | Ключевые слова | Брак | |
| a | Ключевые слова | Семья | ||
| a | Ключевые слова | Психология семьи | ||
| a | Ключевые слова | Семейная психология | ||
| a | Ключевые слова | Семейные отношения | ||
| 852 | t | Порядковый номер экземпляра | 20 | |
| p | Инвентарный номер | 844548 | ||
| p | Инвентарный номер | 844549 | ||
| p | Инвентарный номер | 844550 | ||
| p | Инвентарный номер | 844551 | ||
| p | Инвентарный номер | 844552 | ||
| p | Инвентарный номер | 844553 | ||
| p | Инвентарный номер | 844554 | ||
| p | Инвентарный номер | 844555 | ||
| p | Инвентарный номер | 844556 | ||
| p | Инвентарный номер | 844557 | ||
| p | Инвентарный номер | 844558 | ||
| p | Инвентарный номер | 844559 | ||
| p | Инвентарный номер | 844560 | ||
| p | Инвентарный номер | 844561 | ||
| p | Инвентарный номер | 844562 | ||
| p | Инвентарный номер | 844563 | ||
| p | Инвентарный номер | 844564 | ||
| p | Инвентарный номер | 844565 | ||
| p | Инвентарный номер | 844566 | ||
| p | Инвентарный номер | 844567 | ||
| 852 | t | Порядковый номер экземпляра | 1 | |
| p | Инвентарный номер | 855292 | ||
| 852 | t | Порядковый номер экземпляра | 1 | |
| p | Инвентарный номер | 855293 | ||
| 852 | t | Порядковый номер экземпляра | 8 | |
| p | Инвентарный номер | 855294 | ||
| p | Инвентарный номер | 855295 | ||
| p | Инвентарный номер | 855296 | ||
| p | Инвентарный номер | 855297 | ||
| p | Инвентарный номер | 855298 | ||
| p | Инвентарный номер | 855299 | ||
| p | Инвентарный номер | 855300 | ||
| p | Инвентарный номер | 855301 | ||
| 863 | t | 00148271 | ||
| 888 | a | За счет средств университета | ||
| 930 | a | Новая/Ретро | учебники | |
| 952 | p | 233.2006 104.17 1 844548 | ||
| p | 233.2006 104.17 1 844549 | |||
| p | 233.2006 104.17 1 844550 | |||
| p | 233.2006 104.17 1 844551 | |||
| p | 233.2006 104.17 1 844552 | |||
| p | 233.2006 104.17 1 844553 | |||
| p | 233.2006 104.17 1 844554 | |||
| p | 233.2006 104.17 1 844555 | |||
| p | 233.2006 104.17 1 844556 | |||
| p | 233.2006 104.17 1 844557 | |||
| p | 233.2006 104.17 1 844558 | |||
| p | 233.2006 104.17 1 844559 | |||
| p | 233.2006 104.17 1 844560 | |||
| p | 233.2006 104.17 1 844561 | |||
| p | 233.2006 104.17 1 844562 | |||
| p | 233.2006 104.17 1 844563 | |||
| p | 233.2006 104.17 1 844564 | |||
| p | 233.2006 104.17 1 844565 | |||
| p | 233.2006 104.17 1 844566 | |||
| p | 233.2006 104.17 1 844567 | |||
| p | 411.2006 104.17 1 855292 | |||
| p | 411.2006 104.17 1 855293 | |||
| p | 411.2006 104.17 1 855294 | |||
| p | 411.2006 104.17 1 855295 | |||
| p | 411.2006 104.17 1 855296 | |||
| p | 411.2006 104.17 1 855297 | |||
| p | 411.2006 104.17 1 855298 | |||
| p | 411.2006 104.17 1 855299 | |||
| p | 411.2006 104.17 1 855300 | |||
| p | 411.2006 104.17 1 855301 | |||
| c | Вид литературы | К ру | ||
| 954 | a | Дата поступления на обработку | 20060620 | |
| 999 | a | Подразделение 2 | уч.о. | |
| a | Подразделение 2 | аб. | ||
| a | Подразделение 2 | ч.з. | ||
| a | Подразделение 2 | Фил2 |